000
00286nam a22001337a 4500
008
190227b xxu||||| |||| 00| 0 eng d
020
_a
9780131984936
041
_a
eng
080
_a
330
100
_a
58
101
_a
BIZ
245
_a
Business Law
_c
Cheeseman, H,R
942
_2
udc
_c
BK
999
_c
54355
_d
54355